[Event "BRA-ch U14"]
[Site "Rio de Janeiro"]
[Date "2012.05.12"]
[Round "4"]
[White "Trelha, Victor Hugo Salmaso"]
[Black "Outi, Matheus Goya"]
[Result "0-1"]
[WhiteElo "1793"]
[BlackElo "1603"]
[PlyCount "92"]
[EventDate "2012.05.11"]
[EventType "swiss"]
[EventRounds "6"]
[EventCountry "BRA"]
[SourceTitle "CBM 148 Extra"]
[Source "ChessBase"]
[SourceDate "2012.06.22"]
[SourceVersion "1"]
[SourceVersionDate "2012.06.22"]
[SourceQuality "1"]

1. e4 c6 2. d4 d5 3. Nc3 dxe4 4. Nxe4 Nf6 5. Nxf6+ gxf6 6. Nf3 Bg4 7. g3 Bxf3 8. Qxf3 Qxd4 9. c3 Qd5 10. Qxd5 cxd5 11. Bg2 e6 12. c4 Nc6 13. cxd5 Nb4 14. 0-0 Nxd5 15. b3 Bg7 16. Bb2 0-0 17. Rfd1 Rfd8 18. Rac1 Rd7 19. Bxd5 exd5 20. Rc5 Rad8 21. Rdc1 f5 22. Bxg7 Kxg7 23. Rc7 d4 24. Rxd7 Rxd7 25. Kf1 Kf6 26. Ke2 Kg5 27. h3 h5 28. Kd3 f4 29. Rc4 fxg3 30. fxg3 f5 31. Rc5 b6 32. Re5 Kf6 33. Re8 Rg7 34. Kxd4 Rxg3 35. Re3 h4 36. Rxg3 hxg3 37. Ke3 Kg5 38. Kf3 Kh4 39. Kg2 f4 40. a4 f3+ 41. Kg1 Kxh3 42. a5 f2+ 43. Kf1 Kh2 44. axb6 axb6 45. b4 g2+ 46. Kxf2 g1Q+ 0-1